| 000 | 00963nam a2200265 a 4500 | ||
|---|---|---|---|
| 005 | 20231128063911.0 | ||
| 008 | 190603s19972003mx r 000 0 spa d | ||
| 020 | _a9701808665 | ||
| 035 | _aUPN01000230898 | ||
| 049 | _aCG | ||
| 050 | 4 |
_aLB1578.331 CH4.1 _bP4.6 1997 |
|
| 100 | 1 |
_aPérez, Raúl _942971 |
|
| 245 | 1 | 0 |
_aNant'é richi sim'ér úza' : _blengua chichimeca : Guanajuato : primer grado / _cRaúl Pérez, Manuel Martínez López. |
| 250 | _a2a ed. | ||
| 260 |
_aMéxico : _bSEP, Comisión Nacional de Libros de Texto Gratuitos, _c1997 (2003 impr). |
||
| 300 |
_a160 p. : _bil. |
||
| 500 | _a"Primer ciclo. Parte I" | ||
| 650 | 4 |
_aCARTILLA CHICHIMECA _97893 |
|
| 650 | 4 |
_aIndígenas de México _zGuanajuato _xLenguas _927624 |
|
| 650 | 4 |
_aCHICHIMECA - _xESTUDIO Y ENSEÑANZA (ELEMENTAL) _913389 |
|
| 700 | 1 |
_aMartínez López, Manuel, _ecoaut. |
|
| 740 | 0 | _aLengua chichimeca : Guanajuato : primer grado | |
| 905 | _aLibro | ||
| 999 |
_c202993 _d202993 |
||